Statistiken für Bilder nach Buchstabe - C

Klicken Sie hier um das Quiz zu spielen!

Allgemein

  • Dieses Quiz wurde 1,142 mal gespielt
  • Das Durchschnittsergebnis liegt bei 11 aus 16

Antwortstatistiken

Answer % Korrekt
Chips
94%
Caesar
91%
Celsius
88%
Cello
87%
Croissant
86%
Canyon
84%
Curry
83%
Champagner
79%
Curling
78%
Curie
77%
Chamäleon
76%
Casablanca
44%
Churro
42%
Cowboy
33%
Cherub
19%
Commonwealth
12%

Verteilung der Resultate

Perzentil nach korrekt beantworteten Fragen

Anzahl Personen mit jedem Resultat

Ihre Resultats-Entwicklung

Sie haben dieses Quiz noch nicht gespielt